=LDR 00000nam 2200000 4500 =001 INLIS000000000002196 =005 20130612090543 =008 ***********************************Ind** =035 ##$$0010-061300000002196 =041 ##$$a Ind =082 ##$$a 959.82 =090 ##$$a 959.82, Wir b =100 ##$$a Wiryapanitra =245 ##$$a Babad tanah Jawa, Kisah keraton Blambangan - Pajang, Wiryapanitra =260 ##$$a Dahara Prize $b Semarang =300 ##$$a 263 hlm, 15 cm =650 ##$$a Jawa =650 ##$$a Sejarah =850 ##$$a NBPNMAT